| 000 | 00555nam a22002177a 4500 | ||
|---|---|---|---|
| 003 | OSt | ||
| 005 | 20220901152211.0 | ||
| 008 | 220901b |||||||| |||| 00| 0 eng d | ||
| 020 | _a9781844809400 | ||
| 040 | _cIFM Library | ||
| 082 | _a657.45 | ||
| 100 |
_aMillichamp, Alan _9157 |
||
| 245 | _aAuditing | ||
| 250 | _a9th Edition | ||
| 260 |
_aAustralia: _bCENGAGE Learning, _c2008 |
||
| 300 |
_axx,459p. _bill.;23cm |
||
| 500 | _ainclude Bibliography and index | ||
| 650 |
_aAuditing _91865 |
||
| 700 |
_aJohn Taylor _91866 |
||
| 942 |
_cBK _2ddc _n0 |
||
| 999 |
_c16024 _d16024 |
||